| 000 | 00818cab a2200241 4500 | ||
|---|---|---|---|
| 001 | WB2803-54 | ||
| 008 | 090401t1992 xxu||||| |||| 00| 0 eng d | ||
| 035 | _a(Sirsi) u7606 | ||
| 041 | _aeng | ||
| 245 | _aRecession blamed for loss at Bucknall | ||
| 260 | _c1992 | ||
| 350 | _a0 | ||
| 490 |
_aFinancial Times _v15 January 1992, 24 |
||
| 490 |
_aEvening Standard _v14 January 1992, 28(1) |
||
| 520 | _aBucknall Group, the quantity surveyor and project managers, felt the full force of the recession in the construction industry during the first half of the year and tipped into loss. | ||
| 650 | _aLISTED COMPANIES | ||
| 650 | _aQUANTITY SURVEYORS | ||
| 650 | _aQUOTED COMPANIES | ||
| 650 | _aRESULTS | ||
| 690 | _aMANAGEMENT-BUSINESS MANAGEMENT-PROFESSIONAL PRACTICE | ||
| 942 | _n0 | ||
| 948 | _c04/03/1997 | ||
| 999 |
_c4617 _d4617 |
||